Нормален изглед
MARC изглед
Вход 15. Издател
001 - Контролен номер на записа
- Контролно поле: 419700
003 - Код на организацията, даваща контролен номер
- Контролно поле: BLK
005 - Дата и час на последна промяна на записа
- Контролно поле: 20200722111131.0
008 - Данни с фиксирана дължина – обща информация
- Данни с фиксирана дължина : 200722|| aca||aabn | a|a d
040 ## - CATALOGING SOURCE
- : BLK
- : BLK
113 ## - Издателство
- Име на издателство: Войнишка библиотека
942 ## - Системна служебна употреба
- Koha auth type: PUBLISH